2012 NCAA March Madness Bracket Quiz Stats

 Plays Quiz not verified by Sporcle

Challenge
Share
Tweet
Embed
Score 0/63 Timer 07:00
0 Plays Today
Game % Correct
1: Kentucky vs. W. KentuckyKentucky
100%
3: Wichita State vs. VCUVCU
97.1%
2: Iowa State vs. UCONNIowa State
96.7%
4: Indiana vs. NM StateIndiana
96.7%
5: UNLV vs. ColoradoColorado
96%
6: Baylor vs. S. Dakota StateBaylor
96%
7: Notre Dame vs. XavierXavier
95.7%
8: Duke vs. LehighLehigh
95.7%
9: 1 v. 2Kentucky
87.3%
16: Syracuse v. NC-AshevilleSyracuse
87%
22: Gonzaga v. West VirginiaGonzaga
87%
18: Vanderbilt v. HarvardVanderbilt
86.6%
19: Wisconsin v. MontanaWisconsin
86.6%
20: Cincinnati v. TexasCincinnati
86.6%
17: Kansas State v. So. MissKansas State
86.2%
21: Florida State v. St. BonaventureFlorida State
86.2%
23: Ohio State v. Loyola (Md)Ohio State
86.2%
10. 3 v. 4Indiana
85.9%
11:5 v.6Baylor
85.9%
12. 7v.8Xavier
85.5%
13: 9 v.10Kentucky
84.4%
14: 11 v.12Baylor
84.4%
15: 13 v. 14Kentucky
84.4%
24: 16 v. 17Syracuse
83.3%
31: Michigan St. v. Long IslandMichigan St.
83.3%
32: Memphis v. St. LouisSt. Louis
83.3%
33: New Mexico v. Long BeachNew Mexico
83.3%
25: 18 v. 19Wisconsin
83%
34: Louisville v. DavidsonLouisville
83%
35: Murray State v. Colorado St.Murray State
83%
26: 20 v. 21Cincinnati
82.6%
27: 22 v. 23Ohio State
82.2%
Game % Correct
36: Marquette v. BYUMarquette
82.2%
37: Florida v. VirginiaFlorida
82.2%
28: 24 v. 25Syracuse
81.9%
29: 26 v. 27Ohio State
81.9%
38: Missouri v. Norfolk StateNorfolk State
81.9%
30: 28 v. 29Ohio State
81.2%
46: North Carolina v. VermontNorth Carolina
80.8%
47: Creighton v. AlabamaCreighton
80.8%
49: Michigan v. OhioOhio
80.4%
48: Temple v. South FloridaSouth Florida
80.1%
50: San Diego St. v. NC StateNC State
80.1%
51: Georgetown v. BelmontGeorgetown
79.3%
39: 31 v. 32Michigan St.
79%
40: 33 v.34Louisville
79%
41: 35 v. 36Marquette
79%
52: St. Marys v. PurduePurdue
79%
53: Kansas v. DetroitKansas
79%
42: 37 v. 38Florida
78.6%
43: 39 v. 40Louisville
77.9%
44: 41 v. 42Florida
77.9%
45: 43 v. 44Louisville
77.5%
54: 46 v. 47North Carolina
75.4%
55: 48 v. 49Ohio
75.4%
56: 50 v. 51NC State
73.9%
57: 52 v. 53Kansas
72.1%
58: 54 v.55North Carolina
71.4%
59: 56 v. 57Kansas
71%
60: 58 v.59Kansas
70.7%
FF1:15 v.45Kentucky
69.6%
FF2: 30 v.60Kansas
67.4%
NC: FF1 v. FF2Kentucky
66.7%

You're not logged in!

Compare scores with friends on all Sporcle quizzes.
OR
Log In

You Might Also Like...

Show Comments

Extras

Top Quizzes Today


Score Distribution

Your Account Isn't Verified!

In order to create a playlist on Sporcle, you need to verify the email address you used during registration. Go to your Sporcle Settings to finish the process.

Report this User

Report this user for behavior that violates our Community Guidelines.

Details: